000
00251nam a22001217a 4500
003
SGT
082
_a
370
_b
JAI
100
_a
JAIN, POORNIMA
245
_a
CURRICULUM AND TEACHING
260
_a
DELHI
_b
KANISHKA
_c
2006
300
_a
157
942
_2
ddc
_c
BK
999
_c
17419
_d
17419